000 00394nam a2200157Ia 4500
008 160316s1987 xxu||||| |||| 00| 0 eng d
082 _a330.100000
_bKRI
100 _aKrishna Kutty G
245 _aEconomic theory and its applications
250 _a
260 _aDelhi
_bMittal Publications
_c1987
300 _a131p
_b20 cm
_c
365 _bRs.95
650 _a1.Economic Theory
700 _a
_a
999 _c208
_d208